[Event "MARIENBAD OPEN 2020 - C - FIDE open"]
[Site "the Continental hotel, Marians"]
[Date "2020.01.19"]
[Round "2"]
[White "KRAL, Ladislav"]
[Black "ZAVIVAEVA, Kristina"]
[Result "1-0"]
[WhiteElo "1515"]
[BlackElo "1055"]
[PlyCount "59"]
[EventDate "2020.01.18"]

1. e4 e5 2. Nc3 Nf6 3. f4 Nc6 4. fxe5 Nxe5 5. d4 Nc6 6. e5 Ng8 7. Nf3 d5 8. Bb5
Bb4 9. O-O Bg4 10. h3 Bh5 11. g4 Bg6 12. Bd3 Bxd3 13. Qxd3 Nge7 14. Ng5 Rf8 15.
Qf3 h6 16. Ne6 Nxd4 17. Nxd4 Bc5 18. Be3 Qd7 19. e6 Qd6 20. exf7+ Kd8 21. Na4
Bxd4 22. Bxd4 Qg6 23. Bc5 Kd7 24. Bxe7 Kxe7 25. Rae1+ Kd7 26. Qxd5+ Kc8 27. Nc5
Qc6 28. Qxc6 bxc6 29. Re8+ Rxe8 30. fxe8=Q# 1-0

[Event "MARIENBAD OPEN 2020 - C - FIDE open"]
[Site "the Continental hotel, Marians"]
[Date "2020.01.19"]
[Round "2"]
[White "ZABRZANSKI, Marcin"]
[Black "MULLEROVA, Katerina"]
[Result "0-1"]
[WhiteElo "1025"]
[BlackElo "1473"]
[PlyCount "36"]
[EventDate "2020.01.18"]

1. e4 e5 2. Nf3 Nc6 3. Bc4 Bc5 4. d3 h6 5. c3 Nf6 6. Nbd2 a6 7. h3 d5 8. exd5
Nxd5 9. O-O Nf4 10. Ne4 Ba7 11. Bxf4 exf4 12. Re1 O-O 13. Qd2 Be6 14. Qxf4 b5
15. Bxe6 fxe6 16. Qd2 Qe8 17. Re2 Qg6 18. Ng3 Qxg3 0-1

[Event "MARIENBAD OPEN 2020 - D - Open Seniors T"]
[Site "the Continental hotel, Hlavni "]
[Date "2020.01.19"]
[Round "2"]
[White "MUSIL, Vitezslav"]
[Black "SAFYANOWSKY, Mark"]
[Result "1/2-1/2"]
[WhiteElo "1907"]
[BlackElo "2233"]
[PlyCount "41"]
[EventDate "2020.01.18"]

1. Nf3 g6 2. g3 Bg7 3. Bg2 e5 4. d3 Ne7 5. e4 O-O 6. c4 d6 7. Nc3 c5 8. O-O
Nbc6 9. Bg5 h6 10. Be3 f5 11. exf5 gxf5 12. Qd2 Kh7 13. Nh4 Be6 14. f4 b6 15.
Nd5 Re8 16. a3 Ng6 17. Nxg6 Kxg6 18. Rab1 Kh7 19. b4 Qd7 20. b5 Ne7 21. Qa2
1/2-1/2

[Event "MARIENBAD OPEN 2020 - D - Open Seniors T"]
[Site "the Continental hotel, Hlavni "]
[Date "2020.01.19"]
[Round "2"]
[White "PALEK, Miroslav"]
[Black "PANOS, Jan"]
[Result "1-0"]
[WhiteElo "2158"]
[BlackElo "1866"]
[PlyCount "61"]
[EventDate "2020.01.18"]

1. e4 d6 2. d4 Nf6 3. Nc3 c6 4. g3 Qa5 5. Bg2 Bg4 6. f3 Bh5 7. Nge2 Nbd7 8. O-O
e5 9. Be3 Be7 10. Qd2 O-O 11. a4 Rad8 12. g4 Bg6 13. Nd5 Nxd5 14. Qxa5 Nxe3 15.
Qxa7 Rb8 16. Rac1 Bd8 17. a5 Bg5 18. h4 Bxh4 19. dxe5 Nxg2 20. Kxg2 Nxe5 21.
Rcd1 d5 22. exd5 Bxc2 23. Rd2 Bb3 24. Qe3 Nc4 25. Qxb3 Nxd2 26. Qd3 Nxf3 27.
Qxf3 cxd5 28. Rd1 Bf6 29. Rxd5 Bxb2 30. Rb5 Ba3 31. Qxa3 1-0

[Event "MARIENBAD OPEN 2020 - D - Open Seniors T"]
[Site "the Continental hotel, Hlavni "]
[Date "2020.01.19"]
[Round "2"]
[White "HUSAK, Antonin"]
[Black "MALINOVSKY, Petr"]
[Result "0-1"]
[WhiteElo "1830"]
[BlackElo "2091"]
[PlyCount "77"]
[EventDate "2020.01.18"]

1. Nf3 d5 2. d4 e6 3. b3 c5 4. e3 f5 5. Bb2 Nf6 6. Nbd2 Be7 7. Bd3 O-O 8. O-O
b6 9. Rc1 Bb7 10. c3 Qe8 11. Ne5 Nbd7 12. f4 Nxe5 13. fxe5 g5 14. exf6 Rxf6 15.
Nf3 Rh6 16. Ne5 g4 17. g3 Bh4 18. Qe1 c4 19. Bb1 Bf6 20. Qf2 Bxe5 21. dxe5 Qc6
22. Rce1 d4 23. e4 d3 24. Qe3 fxe4 25. bxc4 Rh5 26. Rf4 Rf5 27. Rxg4+ Kh8 28.
Bc1 Raf8 29. Rf4 Rxf4 30. gxf4 Qe8 31. h3 Qh5 32. Kh2 Rg8 33. Bd2 Rg6 34. Rg1
Rxg1 35. Kxg1 Qd1+ 36. Qe1 Qf3 37. Qf1 Qg3+ 38. Qg2 Qxg2+ 39. Kxg2 0-1

[Event "MARIENBAD OPEN 2020 - D - Open Seniors T"]
[Site "the Continental hotel, Hlavni "]
[Date "2020.01.19"]
[Round "2"]
[White "SIMECEK, Jan"]
[Black "KUCERA, Jiri"]
[Result "0-1"]
[WhiteElo "1792"]
[BlackElo "1960"]
[PlyCount "50"]
[EventDate "2020.01.18"]

1. d4 Nf6 2. c4 e6 3. Nc3 d5 4. Bg5 Nbd7 5. e3 Be7 6. Rc1 O-O 7. Bd3 h6 8. Bh4
c5 9. Nge2 cxd4 10. Nxd4 Nc5 11. Be2 e5 12. Nf3 e4 13. Nd4 dxc4 14. Bxc4 Ng4
15. Bg3 Bf6 16. Nce2 Qb6 17. O-O Ne5 18. Bxe5 Bxe5 19. b3 Qg6 20. Bxf7+ Rxf7
21. Rxc5 Bxh2+ 22. Kh1 Bd6 23. Rd5 Bg4 24. Qd2 Raf8 25. Nc3 Bb4 0-1

[Event "MARIENBAD OPEN 2020 - D - Open Seniors T"]
[Site "the Continental hotel, Hlavni "]
[Date "2020.01.19"]
[Round "2"]
[White "TRUKSA, Vaclav"]
[Black "PALDUS, Petr"]
[Result "0-1"]
[WhiteElo "1775"]
[BlackElo "1958"]
[PlyCount "46"]
[EventDate "2020.01.18"]

1. d4 d5 2. Nf3 e6 3. e3 f5 4. Bd3 Nf6 5. c4 c6 6. Nc3 Bd6 7. a3 O-O 8. b4 a5
9. b5 Ne4 10. Bb2 Nd7 11. bxc6 bxc6 12. cxd5 exd5 13. Ne2 Ba6 14. Bxa6 Rxa6 15.
O-O Rb6 16. Qc2 Qe7 17. Nf4 g5 18. Nd3 Rfb8 19. Nfe5 Nxe5 20. dxe5 Rxb2 21.
Nxb2 Qxe5 22. g3 Rxb2 23. Qc1 Nd2 0-1

[Event "MARIENBAD OPEN 2020 - D - Open Seniors T"]
[Site "the Continental hotel, Hlavni "]
[Date "2020.01.19"]
[Round "2"]
[White "PRACHAR, Josef"]
[Black "RYCHTECKY, Pavel"]
[Result "1-0"]
[WhiteElo "1770"]
[BlackElo "1606"]
[PlyCount "53"]
[EventDate "2020.01.18"]

1. d4 Nf6 2. c4 e6 3. Nc3 Bb4 4. a3 Bxc3+ 5. bxc3 h6 6. f3 d5 7. cxd5 exd5 8.
e3 O-O 9. Bd3 Re8 10. Ne2 b6 11. O-O Bb7 12. Ng3 Ba6 13. Bxa6 Nxa6 14. Qd3 Qc8
15. e4 c6 16. e5 Nh7 17. Nf5 Nc7 18. Nd6 Qd7 19. Nxe8 Rxe8 20. f4 Ne6 21. h4
Qe7 22. f5 Nef8 23. Qg3 Kh8 24. Bxh6 gxh6 25. f6 Nxf6 26. Rxf6 Kh7 27. Raf1 1-0

[Event "MARIENBAD OPEN 2020 - A, B - closed tournaments"]
[Site "?"]
[Date "2020.01.20"]
[Round "3"]
[White "Quesada Perez, Luis Ernesto"]
[Black "Bai, Adelard"]
[Result "1-0"]
[BlackElo "2430"]
[WhiteElo "2491"]
[LiveChessVersion "1.4.8"]

1. Nf3 {[%clk 1:30:57]} d5 {[%clk 1:30:40]} 2. g3 {[%clk 1:31:18]} c6
{[%clk 1:30:26]} 3. Bg2 {[%clk 1:31:39]} Bg4 {[%clk 1:30:45]} 4. h3
{[%clk 1:31:11]} Bh5 {[%clk 1:30:41]} 5. b3 {[%clk 1:27:05]} Nd7 {[%clk 1:26:49]}
6. Bb2 {[%clk 1:27:28]} Ngf6 {[%clk 1:25:20]} 7. O-O {[%clk 1:27:32]} Qc7
{[%clk 1:21:55]} 8. c4 {[%clk 1:27:45]} e5 {[%clk 1:18:05]} 9. cxd5
{[%clk 1:26:49]} cxd5 {[%clk 1:18:12]} 10. d3 {[%clk 1:25:55]} a6
{[%clk 1:10:46]} 11. Qc1 {[%clk 1:24:58]} Qb8 {[%clk 1:04:42]} 12. Nxe5
{[%clk 1:22:38]} Nxe5 {[%clk 1:04:14]} 13. Qe3 {[%clk 1:23:03]} Nfd7
{[%clk 0:52:14]} 14. d4 {[%clk 1:14:04]} Be7 {[%clk 0:40:40]} 15. dxe5
{[%clk 1:13:28]} O-O {[%clk 0:38:55]} 16. Bxd5 {[%clk 1:12:52]} Bc5
{[%clk 0:36:38]} 17. Qg5 {[%clk 1:12:56]} Bg6 {[%clk 0:36:06]} 18. Nd2
{[%clk 1:05:42]} Re8 {[%clk 0:33:01]} 19. Nc4 {[%clk 1:05:16]} Ra7
{[%clk 0:25:40]} 20. e6 {[%clk 1:00:26]} fxe6 {[%clk 0:24:16]} 21. Be4
{[%clk 1:00:47]} Be7 {[%clk 0:23:27]} 22. Qg4 {[%clk 1:01:03]} Nf6
{[%clk 0:23:08]} 23. Bxf6 {[%clk 1:01:26]} Bxf6 {[%clk 0:23:30]} 24. Bxg6
{[%clk 1:01:51]} hxg6 {[%clk 0:23:31]} 25. Rad1 {[%clk 1:02:16]} Kh7
{[%clk 0:22:49]} 26. Nd6 {[%clk 0:55:35]} Re7 {[%clk 0:20:55]} 27. h4
{[%clk 0:49:15]} b5 {[%clk 0:15:55]} 28. h5 {[%clk 0:49:26]} g5 {[%clk 0:10:39]}
29. Qe4+ {[%clk 0:49:22]} Kh8 {[%clk 0:10:37]} 30. Qg6 {[%clk 0:49:07]} Qg8
{[%clk 0:06:27]} 31. Ne4 {[%clk 0:47:10]} Qe8 {[%clk 0:06:14]} 32. Nxf6
{[%clk 0:45:05]} gxf6 {[%clk 0:05:29]} 33. Qxf6+ {[%clk 0:45:30]} Kh7
{[%clk 0:05:51]} 34. Qxg5 {[%clk 0:45:56]} Rg7 {[%clk 0:06:03]} 35. Qe5
{[%clk 0:46:15]} Raf7 {[%clk 0:05:53]} 36. Rd6 {[%clk 0:45:18]} Re7
{[%clk 0:04:37]} 37. Rc1 {[%clk 0:44:12]} Qf7 {[%clk 0:03:16]} 38. Rcc6
{[%clk 0:42:46]} Re8 {[%clk 0:01:42]} 39. Rxe6 {[%clk 0:42:51]} Rf8
{[%clk 0:02:03]} 40. Rf6 {[%clk 0:43:08]} 1-0

[Event "MARIENBAD OPEN 2020 - A, B - closed tournaments"]
[Site "?"]
[Date "2020.01.20"]
[Round "3"]
[White "Swicarz, Maciej"]
[Black "Dev, Shah"]
[Result "1-0"]
[BlackElo "2320"]
[WhiteElo "2357"]
[LiveChessVersion "1.4.8"]

1. e4 {[%clk 1:30:56]} e5 {[%clk 1:30:04]} 2. Nf3 {[%clk 1:31:22]} Nc6
{[%clk 1:30:21]} 3. Bc4 {[%clk 1:31:03]} Nf6 {[%clk 1:30:42]} 4. d3
{[%clk 1:31:19]} Be7 {[%clk 1:31:05]} 5. O-O {[%clk 1:31:33]} O-O
{[%clk 1:31:27]} 6. a4 {[%clk 1:31:12]} d5 {[%clk 1:30:23]} 7. exd5
{[%clk 1:31:30]} Nxd5 {[%clk 1:30:34]} 8. Re1 {[%clk 1:26:43]} Bg4
{[%clk 1:26:53]} 9. h3 {[%clk 1:27:09]} Bh5 {[%clk 1:25:14]} 10. c3
{[%clk 1:27:30]} Kh8 {[%clk 1:11:33]} 11. a5 {[%clk 1:26:25]} Rb8
{[%clk 1:06:40]} 12. Nbd2 {[%clk 1:22:03]} f6 {[%clk 1:00:01]} 13. Nf1
{[%clk 1:14:53]} Bf7 {[%clk 0:54:46]} 14. Ng3 g6 {[%clk 0:47:14]} 15. Bh6
{[%clk 0:51:28]} Rg8 {[%clk 0:45:07]} 16. Bd2 {[%clk 0:47:44]} Qf8
{[%clk 0:40:42]} 17. Qb3 {[%clk 0:44:38]} Qd8 {[%clk 0:38:20]} 18. a6
{[%clk 0:28:57]} b6 {[%clk 0:28:39]} 19. Qa4 {[%clk 0:23:00]} Na5
{[%clk 0:23:29]} 20. Ba2 {[%clk 0:22:45]} c5 {[%clk 0:13:59]} 21. b4
{[%clk 0:18:32]} cxb4 {[%clk 0:13:07]} 22. cxb4 {[%clk 0:18:42]} Be8
{[%clk 0:13:36]} 23. b5 {[%clk 0:14:07]} Bc5 {[%clk 0:08:41]} 24. Bxa5
{[%clk 0:12:31]} bxa5 {[%clk 0:08:52]} 25. Qc4 {[%clk 0:12:43]} Bxb5
{[%clk 0:08:21]} 26. Qxc5 {[%clk 0:12:05]} 1-0

[Event "MARIENBAD OPEN 2020 - A, B - closed tournaments"]
[Site "?"]
[Date "2020.01.20"]
[Round "3"]
[White "Siddharth, Jagadeesh"]
[Black "Makarian, Rudik"]
[Result "1/2-1/2"]
[BlackElo "2403"]
[WhiteElo "2301"]
[LiveChessVersion "1.4.8"]

1. d4 {[%clk 1:30:57]} g6 {[%clk 1:30:57]} 2. e4 {[%clk 1:30:41]} d6
{[%clk 1:31:19]} 3. Bc4 {[%clk 1:29:44]} Nf6 {[%clk 1:30:25]} 4. Qe2
{[%clk 1:29:49]} Bg7 {[%clk 1:24:26]} 5. Nf3 {[%clk 1:30:13]} O-O
{[%clk 1:23:40]} 6. e5 {[%clk 1:30:40]} dxe5 {[%clk 1:22:02]} 7. dxe5
{[%clk 1:31:09]} Nd5 {[%clk 1:22:23]} 8. h3 {[%clk 1:31:33]} Nb6 {[%clk 1:20:07]}
9. Bd3 {[%clk 1:30:16]} Nc6 {[%clk 1:20:09]} 10. O-O {[%clk 1:30:37]} Nd4
{[%clk 1:18:56]} 11. Nxd4 {[%clk 1:31:05]} Qxd4 {[%clk 1:19:21]} 12. Re1
{[%clk 1:31:16]} Nd7 {[%clk 1:18:04]} 13. e6 {[%clk 1:23:29]} Ne5
{[%clk 1:17:43]} 14. exf7+ {[%clk 1:22:48]} Rxf7 {[%clk 1:18:08]} 15. Be4
{[%clk 1:23:05]} Bf5 {[%clk 1:07:43]} 16. Nc3 {[%clk 1:17:13]} Bxe4
{[%clk 0:58:13]} 17. Nxe4 {[%clk 1:17:15]} Raf8 {[%clk 0:58:41]} 18. c3
{[%clk 1:16:07]} Qd5 {[%clk 0:57:23]} 19. Bg5 {[%clk 1:10:23]} Nc4
{[%clk 0:47:52]} 20. Rad1 {[%clk 1:06:48]} Qc6 {[%clk 0:48:16]} 21. Bh4
{[%clk 1:06:40]} h6 {[%clk 0:48:36]} 22. Bg3 {[%clk 1:05:54]} Nd6
{[%clk 0:48:48]} 23. Nxd6 {[%clk 1:02:37]} exd6 {[%clk 0:48:33]} 24. Qg4
{[%clk 1:02:28]} Kh7 {[%clk 0:45:30]} 25. Re6 {[%clk 1:02:28]} Bf6
{[%clk 0:42:06]} 26. Bh4 {[%clk 1:00:03]} h5 {[%clk 0:39:06]} 27. Qg3
{[%clk 0:55:38]} Qc4 {[%clk 0:39:19]} 28. Rxf6 {[%clk 0:53:45]} Rxf6
{[%clk 0:39:45]} 29. Bxf6 {[%clk 0:54:06]} Rxf6 {[%clk 0:40:03]} 30. Qg5
{[%clk 0:47:59]} Kg7 {[%clk 0:34:25]} 31. Qa5 {[%clk 0:39:08]} a6
{[%clk 0:26:24]} 32. Qd5 {[%clk 0:25:53]} Qxd5 {[%clk 0:25:04]} 33. Rxd5
{[%clk 0:26:12]} Kf7 {[%clk 0:23:07]} 34. f3 {[%clk 0:26:32]} Rf5
{[%clk 0:19:28]} 35. Rxf5+ {[%clk 0:21:18]} gxf5 {[%clk 0:19:52]} 36. g3
{[%clk 0:21:32]} c5 {[%clk 0:11:22]} 37. Kf2 {[%clk 0:18:46]} f4 {[%clk 0:10:17]}
38. g4 {[%clk 0:18:50]} c4 {[%clk 0:10:40]} 39. h4 {[%clk 0:18:40]} a5
{[%clk 0:04:23]} 40. a4 {[%clk 0:18:35]} Kg6 {[%clk 0:02:14]} 41. g5
{[%clk 0:18:50]} 1/2-1/2

[Event "MARIENBAD OPEN 2020 - A, B - closed tournaments"]
[Site "?"]
[Date "2020.01.20"]
[Round "3"]
[White "Plat, Vojtech"]
[Black "Bracker, Arne"]
[Result "1-0"]
[BlackElo "2243"]
[WhiteElo "2589"]
[LiveChessVersion "1.4.8"]

1. e4 {[%clk 1:29:06]} e5 {[%clk 1:30:50]} 2. Nf3 {[%clk 1:29:27]} Nc6
{[%clk 1:31:15]} 3. d4 {[%clk 1:29:51]} exd4 {[%clk 1:31:35]} 4. Nxd4
{[%clk 1:30:17]} Nf6 {[%clk 1:31:51]} 5. Nxc6 {[%clk 1:30:38]} bxc6
{[%clk 1:32:12]} 6. e5 {[%clk 1:31:05]} Qe7 {[%clk 1:32:31]} 7. Qe2
{[%clk 1:31:29]} Nd5 {[%clk 1:32:51]} 8. c4 {[%clk 1:31:43]} Ba6 {[%clk 1:33:02]}
9. g3 {[%clk 1:31:42]} g6 {[%clk 1:32:44]} 10. b3 {[%clk 1:32:04]} Bg7
{[%clk 1:32:41]} 11. Bb2 {[%clk 1:32:29]} O-O {[%clk 1:32:50]} 12. Bg2
{[%clk 1:32:47]} Rae8 {[%clk 1:33:04]} 13. O-O {[%clk 1:33:11]} Bxe5
{[%clk 1:33:16]} 14. Qxe5 {[%clk 1:33:35]} Qxe5 {[%clk 1:33:40]} 15. Bxe5
{[%clk 1:34:01]} Rxe5 {[%clk 1:34:02]} 16. cxd5 {[%clk 1:34:30]} Bxf1
{[%clk 1:34:20]} 17. Kxf1 {[%clk 1:34:58]} cxd5 {[%clk 1:34:40]} 18. Nc3
{[%clk 1:35:22]} c6 {[%clk 1:34:18]} 19. Na4 {[%clk 1:34:32]} Rfe8
{[%clk 1:23:57]} 20. Bf3 {[%clk 1:34:57]} Kf8 {[%clk 1:08:00]} 21. Nc5
{[%clk 1:34:23]} Ke7 {[%clk 1:05:37]} 22. Nd3 {[%clk 1:33:57]} Re6
{[%clk 1:05:59]} 23. Rc1 {[%clk 1:34:22]} a5 {[%clk 1:02:40]} 24. Nc5
{[%clk 1:34:29]} Re5 {[%clk 1:02:53]} 25. h4 {[%clk 1:29:03]} f5 {[%clk 0:56:19]}
26. Nd3 {[%clk 1:27:36]} Re6 {[%clk 0:56:37]} 27. h5 {[%clk 1:22:08]} g5
{[%clk 0:41:15]} 28. Nc5 {[%clk 1:18:39]} Re5 {[%clk 0:41:38]} 29. Be2
{[%clk 1:18:51]} Rb8 {[%clk 0:28:14]} 30. Ke1 {[%clk 1:09:56]} Kd6
{[%clk 0:25:55]} 31. Kd2 {[%clk 1:08:40]} h6 {[%clk 0:22:02]} 32. Bf1
{[%clk 1:07:09]} f4 {[%clk 0:15:50]} 33. Nd3 {[%clk 1:07:30]} Re4
{[%clk 0:16:08]} 34. gxf4 {[%clk 1:04:28]} gxf4 {[%clk 0:16:26]} 35. Bg2
{[%clk 1:04:47]} Rd4 {[%clk 0:16:05]} 36. Bf3 {[%clk 1:04:45]} c5
{[%clk 0:11:25]} 37. Kc3 {[%clk 1:05:10]} a4 {[%clk 0:11:28]} 38. Rd1
{[%clk 1:05:07]} axb3 {[%clk 0:07:20]} 39. axb3 {[%clk 1:05:36]} Ra8
{[%clk 0:06:19]} 40. Rg1 {[%clk 1:05:00]} Kc6 {[%clk 0:00:43]} 41. Rg6+
{[%clk 1:03:39]} d6 {[%clk 0:30:25]} 42. Rxh6 {[%clk 1:33:23]} Ra2
{[%clk 0:19:54]} 43. Rf6 {[%clk 1:31:31]} 1-0

[Event "MARIENBAD OPEN 2020 - A, B - closed tournaments"]
[Site "?"]
[Date "2020.01.20"]
[Round "3"]
[White "Kovalev, Andrei"]
[Black "Baenziger, Fabian"]
[Result "1-0"]
[BlackElo "2412"]
[WhiteElo "2489"]
[LiveChessVersion "1.4.8"]

1. e4 {[%clk 1:30:51]} c5 {[%clk 1:30:32]} 2. Nf3 {[%clk 1:30:55]} d6
{[%clk 1:30:39]} 3. Bb5+ {[%clk 1:30:48]} Nd7 {[%clk 1:30:44]} 4. c3
{[%clk 1:30:48]} Ngf6 {[%clk 1:30:35]} 5. Qe2 {[%clk 1:31:09]} a6
{[%clk 1:30:48]} 6. Ba4 {[%clk 1:31:35]} b5 {[%clk 1:30:27]} 7. Bc2
{[%clk 1:31:58]} Bb7 {[%clk 1:30:51]} 8. O-O {[%clk 1:31:59]} e6 {[%clk 1:30:57]}
9. d4 {[%clk 1:31:00]} Be7 {[%clk 1:30:39]} 10. Bf4 {[%clk 1:30:25]} O-O
{[%clk 1:24:34]} 11. Nbd2 {[%clk 1:30:17]} Qc7 {[%clk 1:10:16]} 12. Rac1
{[%clk 1:19:06]} Rfe8 {[%clk 1:03:14]} 13. h3 {[%clk 1:00:02]} Rac8
{[%clk 0:49:39]} 14. e5 {[%clk 0:51:17]} Nd5 {[%clk 0:49:25]} 15. Bg3
{[%clk 0:51:10]} cxd4 {[%clk 0:47:57]} 16. cxd4 {[%clk 0:50:03]} Qb6
{[%clk 0:47:05]} 17. Ne4 {[%clk 0:46:54]} dxe5 {[%clk 0:47:18]} 18. dxe5
{[%clk 0:46:50]} Nb4 {[%clk 0:36:33]} 19. Bb1 {[%clk 0:42:39]} Rxc1
{[%clk 0:26:31]} 20. Rxc1 {[%clk 0:43:02]} Bd5 {[%clk 0:24:17]} 21. Rd1
{[%clk 0:31:26]} Rd8 {[%clk 0:21:54]} 22. Nd6 {[%clk 0:23:53]} Nxe5
{[%clk 0:15:03]} 23. Nxe5 {[%clk 0:19:48]} Bxd6 {[%clk 0:15:27]} 24. Bxh7+
{[%clk 0:16:42]} Kxh7 {[%clk 0:15:03]} 25. Qh5+ {[%clk 0:16:41]} Kg8
{[%clk 0:15:29]} 26. Qxf7+ {[%clk 0:17:00]} Kh8 {[%clk 0:09:41]} 27. Ng6+
{[%clk 0:07:40]} Kh7 {[%clk 0:10:08]} 28. Bxd6 {[%clk 0:07:56]} Rxd6
{[%clk 0:10:30]} 29. Nf8+ {[%clk 0:07:54]} Kh8 {[%clk 0:10:56]} 30. Ng6+
{[%clk 0:08:00]} Kh7 {[%clk 0:11:23]} 31. Ne7 {[%clk 0:08:24]} e5
{[%clk 0:11:29]} 32. Rxd5 {[%clk 0:03:24]} Nxd5 {[%clk 0:11:54]} 33. Qg8+
{[%clk 0:03:35]} Kh6 {[%clk 0:11:55]} 34. Qh8+ {[%clk 0:03:37]} Kg5
{[%clk 0:12:21]} 35. Qxg7+ {[%clk 0:03:55]} 1-0

[Event "MARIENBAD OPEN 2020 - A, B - closed tournaments"]
[Site "?"]
[Date "2020.01.20"]
[Round "3"]
[White "Grabarczyk, Miroslaw"]
[Black "Abhilash, Reddy M.L."]
[Result "1-0"]
[BlackElo "2258"]
[WhiteElo "2366"]
[LiveChessVersion "1.4.8"]

1. d4 d5 2. c4 c6 3. Nf3 Nf6 4. e3 Bf5 5. cxd5 cxd5 6. Qb3 Bc8 7. Bb5+ Nbd7 8.
O-O e6 9. Bd2 Be7 10. Bb4 O-O 11. Bxe7 Qxe7 12. Rc1 Qd6 13. Nbd2 a6 14. Bf1 b6
15. Qc3 Qb8 16. Ne5 Nxe5 17. dxe5 Nd7 18. f4 a5 19. Nb3 a4 20. Nd4 Nc5 21. b4
axb3 22. axb3 Rxa1 23. Qxa1 Bd7 24. b4 Ne4 25. Bd3 Qb7 26. Qa6 Qxa6 27. Bxa6 Ra8
28. Bd3 Rc8 29. Rxc8+ Bxc8 30. Bxe4 dxe4 31. g4 f6 32. Kf2 fxe5 33. Nc6 Bd7 34.
Nxe5 Bb5 35. Ke1 Kf8 36. Kd2 Ke7 37. Kc3 Kf6 38. h4 h6 39. Kd4 g5 40. fxg5+ hxg5
41. h5 Kg7 42. Kxe4 Kf6 43. Kd4 Be2 44. h6 b5 45. e4 Bd1 46. Ke3 Bc2 47. Nf3 Bd1
48. Nxg5 Bxg4 49. h7 Kg7 50. Kf4 Be2 51. Ke5 Bc4 52. Kd6 Bb3 53. e5 Bc4 54. Kd7
Kh8 55. Nxe6 1-0

[Event "MARIENBAD OPEN 2020 - A, B - closed tournaments"]
[Site "?"]
[Date "2020.01.20"]
[Round "3"]
[White "Marszalek, Maciej"]
[Black "Tancsa, Tamas"]
[Result "1-0"]
[BlackElo "2193"]
[WhiteElo "2314"]
[LiveChessVersion "1.4.8"]

1. d4 {[%clk 1:30:57]} Nf6 {[%clk 1:30:45]} 2. c4 {[%clk 1:31:24]} d6
{[%clk 1:31:06]} 3. Nf3 {[%clk 1:31:47]} g6 {[%clk 1:31:28]} 4. g3
{[%clk 1:32:12]} Bg7 {[%clk 1:31:51]} 5. Bg2 {[%clk 1:32:38]} O-O
{[%clk 1:32:04]} 6. O-O {[%clk 1:32:55]} Nc6 {[%clk 1:32:18]} 7. Nc3
{[%clk 1:33:19]} e5 {[%clk 1:32:43]} 8. dxe5 {[%clk 1:33:09]} dxe5
{[%clk 1:33:01]} 9. Bg5 {[%clk 1:33:01]} Be6 {[%clk 1:33:19]} 10. Qc1
{[%clk 1:32:51]} Qc8 {[%clk 1:33:41]} 11. Rd1 {[%clk 1:28:40]} Nd7
{[%clk 1:33:10]} 12. Nd5 {[%clk 1:06:15]} e4 {[%clk 1:21:14]} 13. Ne1
{[%clk 1:03:33]} f5 {[%clk 1:20:18]} 14. Bh6 {[%clk 1:02:18]} Bxd5
{[%clk 0:55:09]} 15. Bxg7 {[%clk 1:00:33]} Kxg7 {[%clk 0:54:03]} 16. cxd5
{[%clk 1:00:31]} Nce5 {[%clk 0:53:04]} 17. Qc3 {[%clk 0:59:59]} Kg8
{[%clk 0:47:46]} 18. Rac1 {[%clk 0:59:34]} c5 {[%clk 0:33:23]} 19. dxc6
{[%clk 0:58:39]} bxc6 {[%clk 0:21:37]} 20. f4 {[%clk 0:48:59]} Ng4
{[%clk 0:15:20]} 21. h3 {[%clk 0:44:28]} Ngf6 {[%clk 0:15:39]} 22. Qxc6
{[%clk 0:39:05]} Qxc6 {[%clk 0:13:25]} 23. Rxc6 {[%clk 0:39:34]} Rac8
{[%clk 0:12:57]} 24. Rxc8 {[%clk 0:34:36]} Rxc8 {[%clk 0:13:19]} 25. e3
{[%clk 0:34:58]} Nb6 {[%clk 0:12:07]} 26. Bf1 {[%clk 0:34:20]} Nfd5
{[%clk 0:10:57]} 27. Kf2 {[%clk 0:34:13]} Kf7 {[%clk 0:11:06]} 28. g4
{[%clk 0:32:06]} Ke6 {[%clk 0:09:59]} 29. gxf5+ {[%clk 0:32:31]} gxf5
{[%clk 0:10:23]} 30. Rd2 {[%clk 0:31:51]} Nc4 {[%clk 0:07:24]} 31. Bxc4
{[%clk 0:30:43]} Rxc4 {[%clk 0:07:51]} 32. Nc2 {[%clk 0:28:51]} Nb4
{[%clk 0:07:32]} 33. Nxb4 {[%clk 0:27:09]} Rxb4 {[%clk 0:08:00]} 34. Rc2
{[%clk 0:27:09]} Kd6 {[%clk 0:07:26]} 35. Kg3 {[%clk 0:25:44]} Rb8
{[%clk 0:07:25]} 36. Kh4 {[%clk 0:25:07]} Rg8 {[%clk 0:07:51]} 37. Rc3
{[%clk 0:25:25]} Rg2 {[%clk 0:04:18]} 38. Ra3 {[%clk 0:24:37]} Kc5
{[%clk 0:01:59]} 39. Rxa7 {[%clk 0:22:23]} Rxb2 {[%clk 0:01:44]} 40. Kg5
{[%clk 0:21:37]} Re2 {[%clk 0:02:00]} 41. Kxf5 {[%clk 0:12:05]} Rxe3
{[%clk 0:02:30]} 42. Rxh7 {[%clk 0:12:25]} Ra3 {[%clk 0:00:50]} 43. Kxe4
{[%clk 0:12:28]} Kd6 {[%clk 0:29:54]} 44. Kf5 {[%clk 0:42:16]} Rxa2
{[%clk 0:29:52]} 45. h4 {[%clk 0:41:47]} Ra8 {[%clk 0:29:58]} 46. Kg6
{[%clk 0:40:21]} Ra4 {[%clk 0:27:22]} 47. Rf7 {[%clk 0:40:15]} Ra1
{[%clk 0:27:24]} 48. h5 {[%clk 0:39:41]} Rg1+ {[%clk 0:27:43]} 49. Kf6
{[%clk 0:40:05]} Rh1 50. Rh7 Rh4 {[%clk 0:27:27]} 51. f5 {[%clk 0:40:15]} Rh1
{[%clk 0:27:29]} 52. Rh8 {[%clk 0:40:30]} Kd7 {[%clk 0:27:53]} 53. h6
{[%clk 0:40:52]} Kc7 {[%clk 0:27:37]} 54. h7 {[%clk 0:41:15]} Kb7
{[%clk 0:28:06]} 55. Re8 {[%clk 0:41:37]} 1-0

[Event "MARIENBAD OPEN 2020 - A, B - closed tournaments"]
[Site "?"]
[Date "2020.01.20"]
[Round "3"]
[White "Hilwerda, Jonas"]
[Black "Vetokhin, Savva"]
[Result "1-0"]
[BlackElo "2113"]
[WhiteElo "2230"]
[LiveChessVersion "1.4.8"]

1. e4 c5 2. Nf3 Nc6 3. d4 cxd4 4. Nxd4 Nf6 5. Nc3 d6 6. Bc4 e6 7. Be3 Be7 8. Qe2
O-O 9. O-O-O a6 10. Nxc6 bxc6 11. e5 Nd5 12. exd6 Bxd6 13. Ne4 Be5 14. Qh5 Qc7
15. Bc5 Re8 16. Rhe1 Rb8 17. Bb3 a5 18. a4 Ba6 19. g3 g6 20. Qh4 f5 21. f4 Bg7
22. Bd6 Qb6 23. Ng5 h5 24. Bxb8 Qxb8 25. Rxe6 Rxe6 26. Nxe6 Bf6 27. Qxf6 Nxf6 28.
Rd8+ Qxd8 29. Nxd8+ Kg7 30. Nxc6 Ng4 31. h3 Nf2 32. Nxa5 Nxh3 33. Kd2 Kf6 34. Ke3
g5 35. Bd5 Bf1 36. b4 h4 37. fxg5+ Ke5 38. g6 hxg3 39. g7 f4+ 40. Kd2 Kxd5 41.
g8=Q+ Ke4 42. Qa8+ Kf5 43. Qh1 Kg4 44. Qxf1 f3 45. Nc4 g2 46. Ne5+ 1-0

[Event "MARIENBAD OPEN 2020 - A, B - closed tournaments"]
[Site "?"]
[Date "2020.01.20"]
[Round "3"]
[White "Gorbatov, Alexej"]
[Black "Jurek, Josef"]
[Result "1-0"]
[BlackElo "2235"]
[WhiteElo "2355"]
[LiveChessVersion "1.4.8"]

1. d4 Nf6 2. c4 e6 3. a3 d5 4. Nc3 Be7 5. Bf4 O-O 6. e3 b6 7. cxd5 Nxd5 8. Nxd5
exd5 9. Bd3 Ba6 10. Bxa6 Nxa6 11. Qa4 Nb8 12. Ne2 Bd6 13. O-O c6 14. Rac1 a5 15.
Rc2 Ra7 16. Rfc1 Rd7 17. Qb3 Re8 18. a4 Bxf4 19. Nxf4 Rd6 20. h3 Re7 21. Qa3 Rc7
22. b4 axb4 23. Qxb4 Ra7 24. Rb2 Ra6 25. Nd3 Rd7 26. a5 Rxa5 27. Qxb6 Qxb6 28.
Rxb6 Rd8 29. Ne5 Ra7 30. Rcb1 Nd7 31. Nxc6 Nxb6 32. Nxd8 Ra6 33. Nc6 Nd7 34. Ne7+
1-0